|
|
|
|
| LEADER |
02018nam a2200457 i 4500 |
| 001 |
EBC1676654 |
| 003 |
MiAaPQ |
| 005 |
20200520144314.0 |
| 006 |
m o d | |
| 007 |
cr cnu|||||||| |
| 008 |
140527t20142014enk ob 001 0 eng d |
| 020 |
|
|
|z 9781118766415
|
| 020 |
|
|
|a 9781118766316
|q (electronic bk.)
|
| 035 |
|
|
|a (MiAaPQ)EBC1676654
|
| 035 |
|
|
|a (Au-PeEL)EBL1676654
|
| 035 |
|
|
|a (CaPaEBR)ebr10870257
|
| 035 |
|
|
|a (CaONFJC)MIL608489
|
| 035 |
|
|
|a (OCoLC)881444039
|
| 040 |
|
|
|a MiAaPQ
|b eng
|e rda
|e pn
|c MiAaPQ
|d MiAaPQ
|
| 050 |
|
4 |
|a HG176.5
|b .W55 2014
|
| 082 |
0 |
|
|a 330.01/5195
|2 23
|
| 100 |
1 |
|
|a Williams, Trevor,
|d 1957-
|e author.
|
| 245 |
1 |
0 |
|a Trading economics :
|b a guide to the use of economic statistics for traders & practitioners + website /
|c Trevor Williams, Victoria Turton.
|
| 264 |
|
1 |
|a Chichester, West Sussex, United Kingdom :
|b John Wiley & Sons,
|c 2014.
|
| 264 |
|
4 |
|c 2014
|
| 300 |
|
|
|a 1 online resource (284 pages)
|
| 336 |
|
|
|a text
|2 rdacontent
|
| 337 |
|
|
|a computer
|2 rdamedia
|
| 338 |
|
|
|a online resource
|2 rdacarrier
|
| 490 |
1 |
|
|a Wiley Finance Series
|
| 504 |
|
|
|a Includes bibliographical references and index.
|
| 588 |
|
|
|a Description based on print version record.
|
| 590 |
|
|
|a Electronic reproduction. Ann Arbor, MI : ProQuest, 2015. Available via World Wide Web. Access may be limited to ProQuest affiliated libraries.
|
| 650 |
|
0 |
|a Finance
|v Statistics.
|
| 650 |
|
0 |
|a Money market
|v Handbooks, manuals, etc.
|
| 655 |
|
4 |
|a Electronic books.
|
| 700 |
1 |
|
|a Turton, Victoria,
|d 1974-
|e editor.
|
| 776 |
0 |
8 |
|i Print version:
|a Williams, Trevor, 1957-
|t Trading economics : a guide to the use of economic statistics for traders & practitioners + website.
|d Chichester, West Sussex, United Kingdom : John Wiley & Sons, c2014
|h viii, 262 pages
|k Wiley Finance Series
|z 9781118766415
|w 2014007150
|
| 797 |
2 |
|
|a ProQuest (Firm)
|
| 830 |
|
0 |
|a Wiley finance series.
|
| 856 |
4 |
0 |
|u https://ebookcentral.proquest.com/lib/matrademy/detail.action?docID=1676654
|z Click to View
|